| 000 | 00329cam a22001217a 4500 | ||
|---|---|---|---|
| 008 | 180718b1991 xxu||||| |||| 00| 0 eng d | ||
| 082 | _aL9 Sw25 | ||
| 100 | _aSwaroop, S.N. | ||
| 245 |
_aSupreme audit institutions in different countries _cby S.N. Swaroop |
||
| 260 |
_aDelhi _bAshiah _c1991 |
||
| 300 | _a583p. | ||
| 650 | _aAuditing | ||
| 999 |
_c355316 _d355316 |
||